ACCP 2005 computer fundamentals

Giới thiệu về phần cứng, phần mềm máy tính, Windows, biểu diễn dữ liệu trong máy tính, file hệ thống và Internet

Zapisane w:
Opis bibliograficzny
Korporacja: APTECH
Format: Książka
Język:Undetermined
Hasła przedmiotowe:
Etykiety: Dodaj etykietę
Nie ma etykietki, Dołącz pierwszą etykiete!
Thư viện lưu trữ: Trung tâm Học liệu Trường Đại học Cần Thơ
LEADER 00583nam a2200157Ia 4500
001 CTU_226417
008 210402s9999 xx 000 0 und d
082 |a 004.16 
082 |b A655 
110 |a APTECH 
245 0 |a ACCP 2005 computer fundamentals 
245 0 |c APTECH 
520 |a Giới thiệu về phần cứng, phần mềm máy tính, Windows, biểu diễn dữ liệu trong máy tính, file hệ thống và Internet 
650 |a Máy vi tính,Microcomputers 
910 |b nthai 
980 |a Trung tâm Học liệu Trường Đại học Cần Thơ